Rap Albums of 2021 - Statistics

General Stats
  • This quiz has been taken 102 times
  • The average score is 10 of 13
Answer Stats
Album Artist % Correct
Certified Lover Boy Drake
100%
Donda Kanye West
96%
The Off-Season J Cole
86%
Call Me If You Get Lost Tyler, the creator
85%
Montero Lil Nas X
84%
Shoot For The Stars, Aim For The Moon Pop Smoke
80%
Slime Language 2 Young Thug
76%
Punk Young Thug
76%
The Melodic Blue Baby Keem
74%
Hall of Fame Polo G
74%
Trip at Knight Trippie Redd
74%
Fighting Demons Juice Wrld
67%
Planet Her Doja Cat
57%
No matching quizzes found
Score Distribution
Percent of People with Each Score
Percentile by Number Answered
Your Score History
You have not taken this quiz